Statistics for Disney Pixar Movies

Click here to take the quiz!

General Stats

  • This quiz has been taken 2,735 times
  • The average score is 10 of 14

Answer Stats

YearAnswer% Correct
1995Toy Story
97%
1999Toy Story 2
89%
2010Toy Story 3
88%
2006Cars
84%
2011Cars 2
76%
2001Monsters, Inc.
75%
2003Finding Nemo
71%
2009Up
70%
2004The Incredibles
69%
1998A Bug's Life
67%
2008WALL-E
65%
2012Brave
63%
2013Monsters University
62%
2007Ratatouille
49%

Score Distribution

Percentile by Number Answered

Percent of People with Each Score

Your Score History

You have not taken this quiz